Dimitri Zhilinsky (Record no. 6012)
[ view plain ]
| 000 - LÍDER | |
|---|---|
| campo de control de longitud fija | 00835nam a2200217Ia 4500 |
| 008 - ELEMENTOS DE DATOS DE LONGITUD FIJA - INFORMACIÓN GENERAL | |
| campo de control de longitud fija | 0000001987 fr a 0000000000fre00 |
| 090 ## - NÚMERO DE LLAMADA DE TIPO LC LOCALMENTE ASIGNADO (OCLC) | |
| Número de clasificación (OCLC) (R) | PRU00 Z33d |
| 100 1# - ENTRADA PRINCIPAL - NOMBRE PERSONAL | |
| Nombre de la persona | Zhilinsky, Dimitri |
| Fechas asociadas a un nombre | 1927 |
| 245 10 - TÍTULO DECLARACIÓN | |
| Título | Dimitri Zhilinsky |
| Resto del título | : peintures et dessins |
| Declaración de responsabilidad | / photos igor Palmin, Francois Walch |
| 260 ## - PUBLICACIÓN, DISTRIBUCIÓN | |
| Lugar de publicación | París : Galerie Claude Bernard |
| Fecha de publicación | 1987 |
| 300 ## - DESCRIPCIÓN FÍSICA | |
| Alcance | [54] p. |
| Dimensiones | / 24 cm. |
| 500 ## - NOTA GENERAL | |
| Nota general | Exposición realizada en Galerie Claude Bernard, Mayo, 1987 \ Con el patronazgo del maestro venezolano Jesús Rafael Soto (q.e.p.d.) |
| 600 00 - ENTRADA DE SUJETO AÑADIDO - NOMBRE PERSONAL | |
| Nombre de la persona | ZHILINSKY, DIMITRI, 1927/ |
| Subdivisión general | TRABAJOS PICTORICOS |
| 650 14 - ENTRADA DE SUJETO AÑADIDO - TÉRMINO TÓPICO | |
| Término tópico o elemento de entrada del nombre geográfico | ARTE CONTEMPORANEO RUSO |
| 650 14 - ENTRADA DE SUJETO AÑADIDO - TÉRMINO TÓPICO | |
| Término tópico o elemento de entrada del nombre geográfico | ARTISTAS PLASTICOS RUSOS |
| 650 14 - ENTRADA DE SUJETO AÑADIDO - TÉRMINO TÓPICO | |
| Subdivisión general | CATALOGOS |
| 650 14 - ENTRADA DE SUJETO AÑADIDO - TÉRMINO TÓPICO | |
| Término tópico o elemento de entrada del nombre geográfico | DIBUJOS RUSOS |
| 650 14 - ENTRADA DE SUJETO AÑADIDO - TÉRMINO TÓPICO | |
| Subdivisión general | EXPOSICIONES |
| 650 14 - ENTRADA DE SUJETO AÑADIDO - TÉRMINO TÓPICO | |
| Término tópico o elemento de entrada del nombre geográfico | PINTURA RUSA |
| 700 1# - ENTRADA AGREGADA - NOMBRE PERSONAL | |
| Nombre de la persona | Palmin, Igor \ Walch, Francois |
| Estado de retirada | Pérdida de estatus | Estado dañado | No para préstamo | Código de recogida | Ubicación permanente | Ubicación actual | Ubicación de las estanterías | Fecha de adquisición | Número de llamada completo | Código de barras | Fecha de la última vez que se vio | Número de copia | Precio efectivo desde | Tipo de artículo Koha |
|---|---|---|---|---|---|---|---|---|---|---|---|---|---|---|
| General | ArtNexus | ArtNexus | General | 06/09/2022 | P-RU-00 Z33D | 6016 | 06/09/2022 | Ej.1 | 06/09/2022 | Libro |